[Event "BRA-ch U16 Girls"]
[Site "Florianopolis"]
[Date "2021.07.03"]
[Round "5"]
[White "Jacintho, Eleonora Fernandes"]
[Black "Duarte, Giovanna Torqui"]
[Result "0-1"]
[WhiteElo "1800"]
[BlackElo "1534"]
[PlyCount "78"]
[EventDate "2021.07.01"]
[EventType "swiss"]
[EventRounds "6"]
[EventCountry "BRA"]
[SourceTitle "CBM 203 Extra"]
[Source "ChessBase"]
[SourceDate "2021.09.30"]
[SourceVersion "1"]
[SourceVersionDate "2021.09.30"]
[SourceQuality "1"]

1. d4 d5 2. Bf4 Bf5 3. Nc3 e6 4. e3 g6 5. Bb5+ c6 6. Ba4 Bg7 7. Nf3 Nf6 8. 0-0 Nbd7 9. e4 Nxe4 10. Nxe4 Bxe4 11. Bd2 b5 12. Bb3 a5 13. c3 a4 14. Bc2 Bxc2 15. Qxc2 0-0 16. h3 Re8 17. Ng5 Bh6 18. b3 Bxg5 19. Bxg5 Qxg5 20. bxa4 Rxa4 21. Qb3 Ra5 22. g3 c5 23. f4 Qe7 24. f5 gxf5 25. g4 fxg4 26. hxg4 b4 27. cxb4 cxb4 28. Kg2 Ra3 29. Qd1 Qg5 30. Rh1 b3 31. axb3 Rxa1 32. Qxa1 Qxg4+ 33. Kf2 e5 34. Qb1 Nf6 35. dxe5 Rxe5 36. Rg1 Re2+ 37. Kf1 Qxg1+ 38. Kxg1 d4 39. b4 Kf8 0-1